Rachel Carson : (Record no. 5642)

MARC details
000 -LEADER
fixed length control field 01186cam a2200337 a 4500
001 - CONTROL NUMBER
control field 5642
003 - CONTROL NUMBER IDENTIFIER
control field FISKH
005 - DATE AND TIME OF LATEST TRANSACTION
control field 20250109081837.0
008 - FIXED-LENGTH DATA ELEMENTS--GENERAL INFORMATION
fixed length control field 090109s2010 nyua b 001 0beng
010 ## - LIBRARY OF CONGRESS CONTROL NUMBER
LC control number 2009000345
020 ## - INTERNATIONAL STANDARD BOOK NUMBER
International Standard Book Number 9780531237045
020 ## - INTERNATIONAL STANDARD BOOK NUMBER
International Standard Book Number 9780531207789
020 ## - INTERNATIONAL STANDARD BOOK NUMBER
International Standard Book Number 0531237044
040 ## - CATALOGING SOURCE
Original cataloging agency DLC
Transcribing agency DLC
Modifying agency IG#
-- HSA
-- DLC
Language of cataloging eng
043 ## - GEOGRAPHIC AREA CODE
Geographic area code n-us---
050 ## - LIBRARY OF CONGRESS CALL NUMBER
Classification number QH31.C33
082 ## - DEWEY DECIMAL CLASSIFICATION NUMBER
Classification number 333.95
100 1# - MAIN ENTRY--PERSONAL NAME
Personal name Venezia, Mike
245 10 - TITLE STATEMENT
Title Rachel Carson :
Remainder of title clearing the way for environmental protection /
Statement of responsibility, etc. written and illustrated by Mike Venezia.
260 ## - PUBLICATION, DISTRIBUTION, ETC.
Place of publication, distribution, etc. New York :
Name of publisher, distributor, etc. New York,
Date of publication, distribution, etc. 2010.
300 ## - PHYSICAL DESCRIPTION
Extent 32 pages :
Other physical details color illustrations ;
Dimensions 24 cm
490 1# - SERIES STATEMENT
Series statement Getting to know the world's greatest inventors & scientists
520 ## - SUMMARY, ETC.
Summary, etc. Profiles the life and career of the scientist Rachel Carson.
600 10 - SUBJECT ADDED ENTRY--PERSONAL NAME
Personal name Carson, Rachel,
Dates associated with a name 1907-1964
Form subdivision Juvenile literature.
650 #0 - SUBJECT ADDED ENTRY--TOPICAL TERM
Topical term or geographic name entry element Biologists
Geographic subdivision United States
Form subdivision Biography
-- Juvenile literature.
650 #0 - SUBJECT ADDED ENTRY--TOPICAL TERM
Topical term or geographic name entry element Environmentalists
Geographic subdivision United States
Form subdivision Biography
-- Juvenile literature.
700 ## - ADDED ENTRY--PERSONAL NAME
Personal name Venezia, Mike
Relator term Illustrator
906 ## - LOCAL DATA ELEMENT F, LDF (RLIN)
a 7
b cbc
c orignew
d 1
e ecip
f 20
g y-gencatlg
942 ## - ADDED ENTRY ELEMENTS (KOHA)
Source of classification or shelving scheme Dewey Decimal Classification
Koha item type Books
Suppress in OPAC No
Holdings
Withdrawn status Lost status Source of classification or shelving scheme Damaged status Not for loan Collection Home library Current library Shelving location Date acquired Total Checkouts Full call number Barcode Date last seen Price effective from Koha item type
    Dewey Decimal Classification     Non-Fiction Footprints International School Library Network Toul Kork Campus Footprints International School Library Network Toul Kork Campus A TK Campus, 4th Floor, Room B401, Non-Fiction Bookcases(7-8) 01/09/2025   VEN 333.95 QH31.C33 FISTK05619 01/09/2025 01/09/2025 Books